00592nam a2200217Ia 4500008004100000020001800041050001500059050001800074100002000092245001900112245005400131250001500185260001600200260003400216260000900250300001600259300002000275300001100295500005100306650001700357180523s9999 xx 000 0 und d a981-4119-23-7 aMAIN GN 25 b.E45 2002 c.2 aEmber, Carol R. 0aAnthropology / 0cCarol R. Ember, Melvin Ember, Peter N. Peregrine. a10 Edition aSingapore : bPearson Education South Asia, c2002 a645 pages : billustrations ; c27 cm. aIncludes bibliographical references and index. aAnthropology